00561nam a2200169 i 450000100060000000300090000600500170001500700030003200800410003510000350007624500590011126000290017030000210019985200320022099900170025295201220026921117ES-MaACL20230906152424.0t|021121s1967 sp ||||1| spa d1 aAlas Suarez, Alejandro.91916413aEl profetismo en la Iglesia / cAlejandro Alas Suarez. aMadrid : bZYX, c[1967] a72 p. ; c17 cm. aES-MaACLjC-32685 bR.63424 c21117d21117 00104070aATENEOMbATENEOMcDEPO2d2008-01-17eSCl0oC-32685p1021691r2023-02-23 00:00:00w2023-02-23yMONOGRAFIA